[Event "FIDE Womens Grand Prix 2019-20"]
[Site "Skolkovo"]
[Date "2019.09.16"]
[Round "6.3"]
[White "Goryachkina, Aleksandra"]
[Black "Harika, Dronavalli"]
[Result "1-0"]
[WhiteElo "2564"]
[BlackElo "2503"]
[Annotator "ChessBase"]
[PlyCount "123"]
[EventDate "2019.09.11"]
[EventType "tourn"]
[EventCountry "RUS"]
[SourceTitle "playchess.com"]
[Source "ChessBase"]
[SourceQuality "1"]
[TimeControl "40/5400+30:1800+30"]

1. d4 {[%emt 0:00:00]} Nf6 {[%emt 0:00:00]} 2. c4 {[%emt 0:00:00]} g6 {[%emt 0:00:00]} 3. Nc3 {[%emt 0:00:00]} Bg7 {[%emt 0:00:00]} 4. e4 {[%emt 0:00:11]} d6 {[%emt 0:00:00]} 5. f3 {[%emt 0:00:12]} O-O {[%emt 0:00:13]} 6. Be3 {[%emt 0:00:10]} c5 {[%emt 0:00:13]} 7. Nge2 {[%emt 0:00:36]} Nc6 {[%emt 0:00:11]} 8. d5 {[%emt 0:00:29]} Ne5 {[%emt 0:00:16]} 9. Ng3 {[%emt 0:00:37]} h5 {[%emt 0:00:30]} 10. Be2 {[%emt 0:03:23]} h4 {[%emt 0:00:21]} 11. Nf1 {[%emt 0:00:18]} e6 {[%emt 0:00:15]} 12. Bg5 {[%emt 0:03:13]} Qb6 {[%emt 0:00:22]} 13. Qb3 {[%emt 0:12:03]} exd5 {[%emt 0:02:07]} 14. cxd5 {[%emt 0:03:23]} h3 {[%emt 0:11:49]} 15. g3 {[%emt 0:04:51]} Qc7 {[%emt 0:00:52]} 16. Nd2 {[%emt 0:02:03]} a6 {[%emt 0:01:14]} 17. a4 {[%emt 0:00:53]} Rb8 {[%emt 0:03:16]} 18. O-O {[%emt 0:08:41]} Bd7 {[%emt 0:02:00]} 19. a5 {[%emt 0:03:46]} Nh7 {[%emt 0:10:05]} 20. Be3 {[%emt 0:00:56]} f5 {[%emt 0:00:30]} 21. f4 {[%emt 0:11:45]} Nf7 {[%emt 0:00:37]} 22. e5 {[%emt 0:15:05]} dxe5 {[%emt 0:00:23]} 23. Nc4 {[%emt 0:00:30]} e4 {[%emt 0:01:03]} 24. d6 {[%emt 0:02:56]} Qd8 {[%emt 0:01:19]} 25. Bxc5 {[%emt 0:03:35]} Be6 {[%emt 0:01:22]} 26. Rad1 {[%emt 0:01:34]} Nf6 {[%emt 0:16:48]} 27. Bb6 {[%emt 0:01:56]} Qd7 {[%emt 0:03:00]} 28. Bc7 {[%emt 0:00:46]} Ra8 {[%emt 0:01:47]} 29. Qa4 {[%emt 0:02:31]} Qxa4 {[%emt 0:06:44]} 30. Nxa4 {[%emt 0:00:01]} Nd5 {[%emt 0:01:34]} 31. Nc5 {[%emt 0:04:28]} Nxc7 {[%emt 0:00:12]} 32. dxc7 {[%emt 0:00:13]} Rae8 {[%emt 0:01:10]} 33. Nb6 {[%emt 0:03:31]} Bc8 {[%emt 0:00:46]} 34. Nxc8 {[%emt 0:02:28]} Rxc8 {[%emt 0:00:02]} 35. Rd7 {[%emt 0:00:37]} Bxb2 {[%emt 0:03:12]} 36. Bc4 {[%emt 0:01:00]} Ba3 {[%emt 0:02:07]} 37. Bxf7+ {[%emt 0:06:13]} Rxf7 {[%emt 0:00:10]} 38. Rd8+ {[%emt 0:00:08]} Rf8 {[%emt 0:00:24]} 39. Ne6 {[%emt 0:00:21]} Bc5+ {[%emt 0:01:38]} 40. Kh1 {[%emt 0:00:00]} Be7 {[%emt 0:00:00]} 41. Rfd1 {[%emt 0:05:44]} e3 {[%emt 0:06:10]} 42. Nxf8 {[%emt 0:03:38]} e2 {[%emt 0:00:22]} 43. Nxg6+ {[%emt 0:06:17]} Kf7 {[%emt 0:06:26]} 44. Re1 {[%emt 0:02:02]} Bxd8 {[%emt 0:00:48]} 45. cxd8=Q {[%emt 0:00:19]} Rxd8 {[%emt 0:00:01]} 46. Ne5+ {[%emt 0:00:11]} Kg7 {[%emt 0:00:13]} 47. Kg1 {[%emt 0:00:15]} Rd5 {[%emt 0:00:11]} 48. Nc4 {[%emt 0:01:03]} Rc5 {[%emt 0:00:22]} 49. Nd6 {[%emt 0:00:55]} Rxa5 {[%emt 0:00:02]} 50. Nxb7 {[%emt 0:03:21]} Rd5 {[%emt 0:06:46]} 51. Rxe2 {[%emt 0:00:33]} a5 {[%emt 0:00:04]} 52. Ra2 {[%emt 0:02:02]} a4 {[%emt 0:00:06]} 53. Rxa4 {[%emt 0:02:13]} Rd2 {[%emt 0:00:09]} 54. Ra1 {[%emt 0:01:20]} Kg6 {[%emt 0:00:43]} 55. Nc5 {[%emt 0:01:12]} Kh5 {[%emt 0:00:23]} 56. Ne6 {[%emt 0:00:36]} Kg4 {[%emt 0:02:02]} 57. Rf1 {[%emt 0:00:53]} Rg2+ {[%emt 0:00:22]} 58. Kh1 {[%emt 0:00:02]} Ra2 {[%emt 0:00:50]} 59. Ng5 {[%emt 0:00:34]} Ra3 {[%emt 0:00:11]} 60. Nf7 {[%emt 0:01:21]} Kh5 {[%emt 0:00:05]} 61. Ne5 {[%emt 0:00:12]} Ra2 {[%emt 0:00:12]} 62. Nd3 {[%emt 0:00:17]} 1-0

[Event "FIDE Womens Grand Prix 2019-20"]
[Site "Skolkovo"]
[Date "2019.09.16"]
[Round "6.4"]
[White "Cramling, Pia"]
[Black "Koneru, Humpy"]
[Result "0-1"]
[WhiteElo "2487"]
[BlackElo "2560"]
[Annotator "ChessBase"]
[PlyCount "80"]
[EventDate "2019.09.11"]
[EventType "tourn"]
[EventCountry "RUS"]
[SourceTitle "playchess.com"]
[Source "ChessBase"]
[SourceQuality "1"]
[TimeControl "40/5400+30:1800+30"]

1. Nf3 {[%emt 0:00:00]} Nf6 {[%emt 0:00:00]} 2. c4 {[%emt 0:00:00]} e6 {[%emt 0:00:00]} 3. g3 {[%emt 0:00:07]} d5 {[%emt 0:00:25]} 4. Bg2 {[%emt 0:00:13]} d4 {[%emt 0:01:16]} 5. O-O {[%emt 0:00:22]} c5 {[%emt 0:00:30]} 6. e3 {[%emt 0:00:29]} Nc6 {[%emt 0:00:17]} 7. d3 {[%emt 0:00:15]} Be7 {[%emt 0:03:58]} 8. exd4 {[%emt 0:01:02]} cxd4 {[%emt 0:05:13]} 9. Re1 {[%emt 0:00:18]} O-O {[%emt 0:00:14]} 10. a3 {[%emt 0:12:30]} a5 {[%emt 0:01:15]} 11. Ne5 {[%emt 0:00:18]} Nxe5 {[%emt 0:05:07]} 12. Rxe5 {[%emt 0:00:09]} Nd7 {[%emt 0:01:19]} 13. Re1 {[%emt 0:00:20]} Nc5 {[%emt 0:02:24]} 14. Qc2 {[%emt 0:03:18]} Bd7 {[%emt 0:07:52]} 15. b3 {[%emt 0:09:03]} f6 {[%emt 0:11:07]} 16. f4 {[%emt 0:05:32]} e5 {[%emt 0:07:54]} 17. Nd2 {[%emt 0:05:41]} exf4 {[%emt 0:08:22]} 18. gxf4 {[%emt 0:00:21]} Bc6 {[%emt 0:00:25]} 19. Ne4 {[%emt 0:03:43]} f5 {[%emt 0:04:26]} 20. Nxc5 {[%emt 0:05:59]} Bxc5 {[%emt 0:00:05]} 21. Bxc6 {[%emt 0:04:18]} bxc6 {[%emt 0:00:03]} 22. Bd2 {[%emt 0:01:02]} Qd6 {[%emt 0:05:13]} 23. Re5 {[%emt 0:22:47]} Bxa3 {[%emt 0:03:22]} 24. Rxa5 {[%emt 0:08:02]} Rxa5 {[%emt 0:09:12]} 25. Bxa5 {[%emt 0:00:07]} Re8 {[%emt 0:00:06]} 26. Rf1 {[%emt 0:07:47]} Bb4 {[%emt 0:04:31]} 27. Bxb4 {[%emt 0:01:10]} Qxb4 {[%emt 0:00:02]} 28. c5 {[%emt 0:01:33]} Re3 {[%emt 0:02:32]} 29. Rc1 {[%emt 0:04:23]} Kf8 {[%emt 0:07:11]} 30. Qa2 {[%emt 0:01:06]} Re6 {[%emt 0:02:41]} 31. Qa8+ {[%emt 0:01:18]} Kf7 {[%emt 0:00:04]} 32. Qa2 {[%emt 0:00:22]} Qb8 {[%emt 0:02:04]} 33. Rf1 {[%emt 0:00:21]} Qb5 {[%emt 0:00:18]} 34. b4 {[%emt 0:01:51]} Qxb4 {[%emt 0:01:30]} 35. Rc1 {[%emt 0:00:35]} Kf6 {[%emt 0:01:58]} 36. Qa8 {[%emt 0:00:55]} Re1+ {[%emt 0:02:50]} 37. Rxe1 {[%emt 0:00:06]} Qxe1+ {[%emt 0:00:02]} 38. Kg2 {[%emt 0:00:03]} Qd2+ {[%emt 0:00:29]} 39. Kg1 {[%emt 0:00:16]} Qe3+ {[%emt 0:00:19]} 40. Kg2 {[%emt 0:00:00]} Qe2+ {[%emt 0:00:00]} 0-1

[Event "FIDE Womens Grand Prix 2019-20"]
[Site "Skolkovo"]
[Date "2019.09.16"]
[Round "6.5"]
[White "Stefanova, Antoaneta"]
[Black "Lagno, Kateryna"]
[Result "0-1"]
[WhiteElo "2491"]
[BlackElo "2545"]
[Annotator "ChessBase"]
[PlyCount "72"]
[EventDate "2019.09.11"]
[EventType "tourn"]
[EventCountry "RUS"]
[SourceTitle "playchess.com"]
[Source "ChessBase"]
[SourceQuality "1"]
[TimeControl "40/5400+30:1800+30"]

1. d4 {[%emt 0:00:00]} Nf6 {[%emt 0:00:00]} 2. c4 {[%emt 0:00:00]} g6 {[%emt 0:00:00]} 3. Nc3 {[%emt 0:00:01]} d5 {[%emt 0:00:08]} 4. Nf3 {[%emt 0:00:57]} Bg7 {[%emt 0:00:15]} 5. cxd5 {[%emt 0:00:32]} Nxd5 {[%emt 0:00:06]} 6. Na4 {[%emt 0:00:10]} Bf5 {[%emt 0:05:32]} 7. Nh4 {[%emt 0:00:51]} Bc8 {[%emt 0:12:39]} 8. e4 {[%emt 0:06:35]} Nb4 {[%emt 0:03:11]} 9. Nf3 {[%emt 0:13:29]} Bxd4 {[%emt 0:17:08]} 10. Bh6 {[%emt 0:15:27]} c5 {[%emt 0:15:04]} 11. Bc4 {[%emt 0:07:02]} N8c6 {[%emt 0:01:37]} 12. O-O {[%emt 0:02:01]} Be6 {[%emt 0:01:06]} 13. Bxe6 {[%emt 0:10:57]} fxe6 {[%emt 0:00:03]} 14. a3 {[%emt 0:05:50]} Na6 {[%emt 0:04:17]} 15. Rc1 {[%emt 0:02:36]} e5 {[%emt 0:17:50]} 16. Nxd4 {[%emt 0:03:58]} Qxd4 {[%emt 0:01:59]} 17. Nxc5 {[%emt 0:07:53]} Qxd1 {[%emt 0:01:12]} 18. Rfxd1 {[%emt 0:00:07]} Nxc5 {[%emt 0:00:02]} 19. Rxc5 {[%emt 0:00:08]} Kf7 {[%emt 0:00:04]} 20. f4 {[%emt 0:11:40]} Rhd8 {[%emt 0:04:57]} 21. Rcd5 {[%emt 0:00:54]} Rxd5 {[%emt 0:00:36]} 22. exd5 {[%emt 0:01:17]} Rd8 {[%emt 0:00:06]} 23. b4 {[%emt 0:04:22]} Nd4 {[%emt 0:01:36]} 24. fxe5 {[%emt 0:01:34]} Rxd5 {[%emt 0:00:04]} 25. Kf2 {[%emt 0:00:23]} Ke6 {[%emt 0:00:06]} 26. Bf4 {[%emt 0:01:38]} Nc2 {[%emt 0:01:54]} 27. Rc1 {[%emt 0:01:07]} Nxa3 {[%emt 0:00:06]} 28. Rc8 {[%emt 0:01:03]} Nb5 {[%emt 0:02:14]} 29. g4 {[%emt 0:00:55]} Rd4 {[%emt 0:00:42]} 30. Kg3 {[%emt 0:00:08]} Rxb4 {[%emt 0:00:35]} 31. Rh8 {[%emt 0:00:05]} Nc3 {[%emt 0:03:06]} 32. Bh6 {[%emt 0:01:09]} a5 {[%emt 0:01:07]} 33. Rxh7 {[%emt 0:00:26]} a4 {[%emt 0:00:18]} 34. Kh4 {[%emt 0:01:06]} a3 {[%emt 0:01:05]} 35. Bg5 {[%emt 0:00:22]} Nd5 {[%emt 0:00:36]} 36. Rh8 {[%emt 0:00:20]} Ra4 {[%emt 0:00:21]} 0-1

[Event "FIDE Womens Grand Prix 2019-20"]
[Site "Skolkovo"]
[Date "2019.09.16"]
[Round "6.6"]
[White "Paehtz, Elisabeth"]
[Black "Gunina, Valentina"]
[Result "1-0"]
[WhiteElo "2479"]
[BlackElo "2502"]
[Annotator "ChessBase"]
[PlyCount "115"]
[EventDate "2019.09.11"]
[EventType "tourn"]
[EventCountry "RUS"]
[SourceTitle "playchess.com"]
[Source "ChessBase"]
[SourceQuality "1"]
[TimeControl "40/5400+30:1800+30"]

1. e4 {[%emt 0:00:00]} c6 {[%emt 0:00:00]} 2. Nf3 {[%emt 0:00:05]} d5 {[%emt 0:00:00]} 3. Nc3 {[%emt 0:00:04]} Bg4 {[%emt 0:00:00]} 4. h3 {[%emt 0:00:03]} Bxf3 {[%emt 0:00:00]} 5. Qxf3 {[%emt 0:00:06]} Nf6 {[%emt 0:00:01]} 6. Be2 {[%emt 0:00:13]} e6 {[%emt 0:01:15]} 7. O-O {[%emt 0:00:07]} Bc5 {[%emt 0:00:05]} 8. Rd1 {[%emt 0:00:33]} Bd4 {[%emt 0:00:39]} 9. Qf4 {[%emt 0:00:04]} e5 {[%emt 0:46:29]} 10. Qg3 {[%emt 0:00:05]} dxe4 {[%emt 0:02:29]} 11. d3 {[%emt 0:00:04]} exd3 {[%emt 0:01:12]} 12. Bxd3 {[%emt 0:00:19]} Nbd7 {[%emt 0:08:41]} 13. Ne2 {[%emt 0:03:47]} Bb6 {[%emt 0:08:30]} 14. Bf5 {[%emt 0:48:16]} g6 {[%emt 0:03:31]} 15. Bxd7+ {[%emt 0:18:22]} Nxd7 {[%emt 0:00:32]} 16. Rxd7 {[%emt 0:09:15]} Kxd7 {[%emt 0:00:38]} 17. Bg5 {[%emt 0:00:04]} Qc7 {[%emt 0:01:04]} 18. Rd1+ {[%emt 0:00:18]} Kc8 {[%emt 0:01:50]} 19. Bf6 {[%emt 0:02:08]} Re8 {[%emt 0:00:05]} 20. Nc3 {[%emt 0:01:29]} Kb8 {[%emt 0:02:08]} 21. Ne4 {[%emt 0:00:40]} a6 {[%emt 0:01:34]} 22. Nd6 {[%emt 0:05:57]} Re6 {[%emt 0:01:52]} 23. Bxe5 {[%emt 0:01:14]} f6 {[%emt 0:11:34]} 24. Bf4 {[%emt 0:00:03]} g5 {[%emt 0:03:00]} 25. Qg4 {[%emt 0:02:15]} gxf4 {[%emt 0:03:57]} 26. Qxe6 {[%emt 0:00:04]} f3 {[%emt 0:00:27]} 27. Ne4 {[%emt 0:01:43]} Ka7 {[%emt 0:01:03]} 28. Rd7 {[%emt 0:00:45]} Qf4 {[%emt 0:00:38]} 29. Rxb7+ {[%emt 0:00:31]} Kxb7 {[%emt 0:00:00]} 30. Nd6+ {[%emt 0:00:05]} Qxd6 {[%emt 0:00:51]} 31. Qxd6 {[%emt 0:00:04]} Rg8 {[%emt 0:00:45]} 32. Qd7+ {[%emt 0:00:49]} Bc7 {[%emt 0:00:32]} 33. Qxh7 {[%emt 0:01:09]} Rxg2+ {[%emt 0:00:20]} 34. Kf1 {[%emt 0:00:01]} Rh2 {[%emt 0:00:34]} 35. Ke1 {[%emt 0:00:08]} Kb8 {[%emt 0:00:39]} 36. Qf5 {[%emt 0:00:53]} Rh1+ {[%emt 0:00:26]} 37. Kd2 {[%emt 0:00:02]} Rb1 {[%emt 0:00:31]} 38. Qxf6 {[%emt 0:01:08]} a5 {[%emt 0:00:14]} 39. b3 {[%emt 0:00:40]} Kb7 {[%emt 0:00:32]} 40. a4 {[%emt 0:00:00]} Rg1 {[%emt 0:00:00]} 41. Qxf3 {[%emt 0:01:06]} Bd6 {[%emt 0:01:06]} 42. h4 {[%emt 0:00:50]} Bb4+ {[%emt 0:00:30]} 43. c3 {[%emt 0:00:13]} Ba3 {[%emt 0:00:22]} 44. Kd3 {[%emt 0:00:38]} Kb6 {[%emt 0:00:57]} 45. h5 {[%emt 0:00:44]} Bc1 {[%emt 0:00:13]} 46. Qf8 {[%emt 0:01:17]} Bg5 {[%emt 0:07:26]} 47. Qb8+ {[%emt 0:01:12]} Kc5 {[%emt 0:01:35]} 48. Qa7+ {[%emt 0:00:27]} Kd6 {[%emt 0:00:20]} 49. Qxa5 {[%emt 0:02:36]} Rd1+ {[%emt 0:00:30]} 50. Ke2 {[%emt 0:00:27]} Rd2+ {[%emt 0:00:42]} 51. Kf1 {[%emt 0:00:48]} Rd1+ {[%emt 0:00:22]} 52. Kg2 {[%emt 0:00:10]} Rd5 {[%emt 0:00:43]} 53. Qb4+ {[%emt 0:00:06]} Kc7 {[%emt 0:00:09]} 54. Qe4 {[%emt 0:02:58]} Bd2 {[%emt 0:00:37]} 55. c4 {[%emt 0:00:48]} Rg5+ {[%emt 0:01:34]} 56. Kf1 {[%emt 0:00:14]} Kb7 {[%emt 0:00:52]} 57. Qe7+ {[%emt 0:00:55]} Ka6 {[%emt 0:00:29]} 58. Qd6 {[%emt 0:00:29]} 1-0

[Event "FIDE Womens Grand Prix 2019-20"]
[Site "Skolkovo"]
[Date "2019.09.18"]
[Round "7.1"]
[White "Gunina, Valentina"]
[Black "Ju, Wenjun"]
[Result "0-1"]
[WhiteElo "2502"]
[BlackElo "2576"]
[Annotator "ChessBase"]
[PlyCount "80"]
[EventDate "2019.09.11"]
[EventType "tourn"]
[EventCountry "RUS"]
[SourceTitle "playchess.com"]
[Source "ChessBase"]
[SourceQuality "1"]
[TimeControl "40/5400+30:1800+30"]

1. Nf3 {[%emt 0:00:00]} d5 {[%emt 0:00:00]} 2. c4 {[%emt 0:00:00]} e6 {[%emt 0:00:06]} 3. g3 {[%emt 0:00:12]} Nf6 {[%emt 0:00:30]} 4. Bg2 {[%emt 0:00:07]} dxc4 {[%emt 0:00:53]} 5. Qa4+ {[%emt 0:01:00]} Bd7 {[%emt 0:00:25]} 6. Qxc4 {[%emt 0:00:09]} c5 {[%emt 0:00:04]} 7. O-O {[%emt 0:11:58]} Bc6 {[%emt 0:02:19]} 8. d4 {[%emt 0:09:31]} Nbd7 {[%emt 0:05:14]} 9. dxc5 {[%emt 0:12:51]} Bxc5 {[%emt 0:01:47]} 10. b4 {[%emt 0:01:07]} Be7 {[%emt 0:07:12]} 11. Nc3 {[%emt 0:10:21]} Rc8 {[%emt 0:08:28]} 12. Qb3 {[%emt 0:01:02]} a6 {[%emt 0:15:12]} 13. a4 {[%emt 0:05:25]} O-O {[%emt 0:10:21]} 14. Be3 {[%emt 0:14:56]} Nd5 {[%emt 0:07:07]} 15. Nxd5 {[%emt 0:16:47]} Bxd5 {[%emt 0:00:03]} 16. Qb1 {[%emt 0:00:33]} Rc4 {[%emt 0:01:18]} 17. b5 {[%emt 0:02:05]} Rb4 {[%emt 0:01:50]} 18. Qd3 {[%emt 0:00:38]} axb5 {[%emt 0:00:04]} 19. axb5 {[%emt 0:00:05]} Rb3 {[%emt 0:01:34]} 20. Qc2 {[%emt 0:06:02]} Rxb5 {[%emt 0:00:04]} 21. Rfd1 {[%emt 0:00:16]} Bf6 {[%emt 0:05:41]} 22. Bd4 {[%emt 0:03:43]} Qc8 {[%emt 0:06:32]} 23. Qd2 {[%emt 0:00:01]} Bxd4 {[%emt 0:18:23]} 24. Nxd4 {[%emt 0:00:02]} Rc5 {[%emt 0:00:04]} 25. Bxd5 {[%emt 0:00:49]} Rxd5 {[%emt 0:00:32]} 26. e4 {[%emt 0:00:32]} Rd6 {[%emt 0:00:07]} 27. Rac1 {[%emt 0:00:17]} Qd8 {[%emt 0:00:36]} 28. Qb4 {[%emt 0:02:25]} Ne5 {[%emt 0:01:03]} 29. Kg2 {[%emt 0:00:39]} Rd7 {[%emt 0:00:08]} 30. Qc5 {[%emt 0:00:52]} Ng6 {[%emt 0:00:17]} 31. f4 {[%emt 0:00:31]} h6 {[%emt 0:02:39]} 32. Rc3 {[%emt 0:00:31]} b6 {[%emt 0:01:17]} 33. Qb4 {[%emt 0:00:20]} Qa8 {[%emt 0:00:16]} 34. Re1 {[%emt 0:00:41]} Rfd8 {[%emt 0:01:00]} 35. Nc6 {[%emt 0:00:23]} Qa2+ {[%emt 0:00:30]} 36. Kh3 {[%emt 0:00:25]} Rd2 {[%emt 0:01:16]} 37. Rh1 {[%emt 0:00:39]} Nxf4+ {[%emt 0:00:26]} 38. Kg4 {[%emt 0:00:24]} Nd3 {[%emt 0:01:54]} 39. Qe7 {[%emt 0:00:31]} Nf2+ {[%emt 0:00:04]} 40. Kf3 {[%emt 0:00:00]} Nxh1 0-1

[Event "FIDE Womens Grand Prix 2019-20"]
[Site "Skolkovo"]
[Date "2019.09.18"]
[Round "7.2"]
[White "Lagno, Kateryna"]
[Black "Paehtz, Elisabeth"]
[Result "1/2-1/2"]
[WhiteElo "2545"]
[BlackElo "2479"]
[Annotator "TA"]
[PlyCount "50"]
[EventDate "2019.09.11"]
[EventType "tourn"]
[EventCountry "RUS"]
[SourceTitle "playchess.com"]
[Source "ChessBase"]
[SourceQuality "1"]

{[%evp 10,50,22,16,17,20,22,27,20,17,17,2,5,14,4,12,0,12,8,0,0,0,0,0,0,0,0,0,0,0,0,0,0,0,0,0,0,0,0,0,0,0,0]} 1. e4 e6 2. d4 d5 3. Nd2 c5 4. exd5 Qxd5 5. Ngf3 cxd4 6. Bc4 Qd7 {C07: French Tarrasch: 3...c5, 4 Ngf3 and 4 exd5 Qxd5} 7. O-O Nc6 8. Nb3 a6 {White has an edge.} (8... Nf6 9. Nbxd4 a6 10. a4 Nxd4 11. Nxd4 Qc7 12. Qe2 Bc5 13. Nf3 O-O 14. Bg5 b6 15. Bd3 Bb7 16. Bxf6 gxf6 17. Be4 Rfd8 18. Rad1 Kg7 19. g3 a5 20. Bxb7 Qxb7 {½-½ (41) Fedoseev,V (2718)-Ponomariov,R (2682) Hengshui 2019}) 9. a4 {The position is equal.} Nf6 10. Qe2 Bd6 11. Rd1 e5 12. Nbxd4 Nxd4 13. Rxd4 Qe7 14. Rxd6 Qxd6 15. b3 $146 e4 {Strongly threatening ...0-0.} 16. Ba3 $1 {[%cal Ra3d6]} Qf4 17. Qe1 Be6 $1 {[%cal Re6c4] [#] And now ...Bxc4 would win.} 18. Qa5 $1 {[%cal Ra5c5] Threatens to win with Qc5.} Rd8 $1 ({Avoid the trap} 18... exf3 $2 19. Qc5 $18) 19. Qc5 {[%csl Ga3][%cal Rc5e7]} Nd5 $1 20. Bxd5 {[%csl Ga3][%cal Rc5e7]} Qf6 21. Bc6+ $1 bxc6 22. Qxc6+ Rd7 23. Qa8+ Rd8 24. Qc6+ Rd7 25. Qa8+ Rd8 {Accuracy: White = 83%, Black = 90%.} 1/2-1/2

[Event "FIDE Womens Grand Prix 2019-20"]
[Site "Skolkovo"]
[Date "2019.09.18"]
[Round "7.4"]
[White "Harika, Dronavalli"]
[Black "Cramling, Pia"]
[Result "1-0"]
[WhiteElo "2503"]
[BlackElo "2487"]
[Annotator "ChessBase"]
[PlyCount "139"]
[EventDate "2019.09.11"]
[EventType "tourn"]
[EventCountry "RUS"]
[SourceTitle "playchess.com"]
[Source "ChessBase"]
[SourceQuality "1"]
[TimeControl "40/5400+30:1800+30"]

1. e4 {[%emt 0:00:00]} c5 {[%emt 0:00:00]} 2. Nf3 {[%emt 0:00:00]} e6 {[%emt 0:00:00]} 3. g3 {[%emt 0:00:00]} Nc6 {[%emt 0:00:48]} 4. Bg2 {[%emt 0:00:00]} Nf6 {[%emt 0:01:32]} 5. Nc3 {[%emt 0:00:21]} d5 {[%emt 0:11:24]} 6. exd5 {[%emt 0:00:21]} Nxd5 {[%emt 0:00:52]} 7. Nxd5 {[%emt 0:07:22]} Qxd5 {[%emt 0:00:35]} 8. O-O {[%emt 0:00:09]} Be7 {[%emt 0:01:57]} 9. d3 {[%emt 0:10:54]} Qd8 {[%emt 0:09:51]} 10. Be3 {[%emt 0:01:11]} e5 {[%emt 0:06:00]} 11. Nd2 {[%emt 0:02:39]} Nd4 {[%emt 0:19:15]} 12. Nc4 {[%emt 0:04:58]} Qc7 {[%emt 0:02:28]} 13. f4 {[%emt 0:11:52]} exf4 {[%emt 0:00:57]} 14. Bxf4 {[%emt 0:00:08]} Qd8 {[%emt 0:00:11]} 15. a4 {[%emt 0:01:02]} a5 {[%emt 0:04:13]} 16. c3 {[%emt 0:04:46]} Ne6 {[%emt 0:03:24]} 17. Be3 {[%emt 0:01:33]} O-O {[%emt 0:04:12]} 18. d4 {[%emt 0:05:01]} cxd4 {[%emt 0:02:04]} 19. cxd4 {[%emt 0:00:11]} Bb4 {[%emt 0:01:56]} 20. Rc1 {[%emt 0:09:04]} Ra6 {[%emt 0:00:30]} 21. Kh1 {[%emt 0:01:05]} Nc7 {[%emt 0:03:20]} 22. d5 {[%emt 0:02:20]} Ne8 {[%emt 0:00:50]} 23. Nb6 {[%emt 0:12:03]} Nd6 {[%emt 0:03:52]} 24. Nxc8 {[%emt 0:00:58]} Nxc8 {[%emt 0:00:02]} 25. Qd3 {[%emt 0:01:45]} Nd6 {[%emt 0:00:43]} 26. Bd4 {[%emt 0:01:38]} Qd7 {[%emt 0:03:17]} 27. b3 {[%emt 0:00:04]} Raa8 {[%emt 0:00:37]} 28. Bb2 {[%emt 0:00:52]} Rfc8 {[%emt 0:01:22]} 29. Qd4 {[%emt 0:00:51]} Ne8 30. Rxc8 {[%emt 0:06:06]} Rxc8 {[%emt 0:00:20]} 31. Be4 {[%emt 0:00:44]} Rd8 {[%emt 0:01:44]} 32. Qd3 {[%emt 0:01:00]} h6 {[%emt 0:03:32]} 33. Bf3 {[%emt 0:00:49]} Be7 {[%emt 0:01:57]} 34. Bc3 {[%emt 0:01:59]} Qc7 {[%emt 0:02:21]} 35. Bd2 {[%emt 0:01:42]} Qb6 {[%emt 0:04:15]} 36. Rd1 {[%emt 0:05:45]} Bg5 {[%emt 0:01:51]} 37. Bc3 {[%emt 0:02:46]} Bf6 {[%emt 0:00:08]} 38. Be1 {[%emt 0:00:06]} Nd6 {[%emt 0:00:38]} 39. Kg2 {[%emt 0:02:15]} Rc8 {[%emt 0:01:14]} 40. Bg4 {[%emt 0:00:00]} Re8 {[%emt 0:00:00]} 41. Bf2 {[%emt 0:09:20]} Qb4 {[%emt 0:06:36]} 42. h3 {[%emt 0:02:16]} g6 {[%emt 0:10:45]} 43. Rc1 {[%emt 0:02:15]} h5 {[%emt 0:00:34]} 44. Bf3 {[%emt 0:00:59]} Rc8 {[%emt 0:00:17]} 45. Rxc8+ {[%emt 0:03:48]} Nxc8 {[%emt 0:00:01]} 46. Qc4 {[%emt 0:01:18]} Qc3 {[%emt 0:02:43]} 47. Qxc3 {[%emt 0:01:04]} Bxc3 {[%emt 0:00:02]} 48. Bc5 {[%emt 0:00:23]} Be5 {[%emt 0:00:27]} 49. g4 {[%emt 0:00:59]} hxg4 {[%emt 0:00:22]} 50. hxg4 {[%emt 0:01:04]} f6 {[%emt 0:01:05]} 51. Kf1 {[%emt 0:00:36]} Kf7 {[%emt 0:03:19]} 52. Ke2 {[%emt 0:01:45]} Bd6 {[%emt 0:00:39]} 53. Bd4 {[%emt 0:00:15]} Bb4 {[%emt 0:01:46]} 54. Kd3 {[%emt 0:00:41]} Nd6 {[%emt 0:00:27]} 55. Bf2 {[%emt 0:02:16]} Ke7 {[%emt 0:00:50]} 56. Bg3 {[%emt 0:00:40]} Bc5 {[%emt 0:03:37]} 57. Bd1 {[%emt 0:00:26]} b6 {[%emt 0:00:49]} 58. Bc2 {[%emt 0:00:18]} f5 {[%emt 0:02:02]} 59. Bh4+ {[%emt 0:02:30]} Kd7 {[%emt 0:01:57]} 60. Ke2 {[%emt 0:01:43]} Ke8 {[%emt 0:00:16]} 61. Kf3 {[%emt 0:01:34]} Kf7 {[%emt 0:00:17]} 62. gxf5 {[%emt 0:00:53]} gxf5 {[%emt 0:02:00]} 63. Kf4 {[%emt 0:00:40]} b5 {[%emt 0:01:09]} 64. Bxf5 {[%emt 0:01:06]} Nxf5 {[%emt 0:00:53]} 65. Kxf5 {[%emt 0:00:05]} bxa4 {[%emt 0:00:05]} 66. bxa4 {[%emt 0:00:07]} Bd6 {[%emt 0:01:06]} 67. Bg5 {[%emt 0:00:15]} Ke8 {[%emt 0:04:36]} 68. Ke6 {[%emt 0:00:34]} Be7 {[%emt 0:00:05]} 69. Bd2 {[%emt 0:00:17]} Bb4 {[%emt 0:01:02]} 70. Bxb4 {[%emt 0:02:13]} 1-0